[Event "New England Masters"]
[Site "Peabody United States"]
[Date "2007.08.14"]
[Round "3"]
[White "Bick, John"]
[Black "Belliard, Luis"]
[Result "1-0"]
[WhiteElo "2218"]
[BlackElo "2232"]
[PlyCount "71"]
[EventDate "2007.08.13"]
[Source "MonRoi"]

1. d4 Nf6 2. c4 g6 3. Nc3 d5 4. cxd5 Nxd5 5. e4 Nxc3 6. bxc3 c5 7. Bc4 Bg7 8.
Ne2 O-O 9. O-O e6 10. Be3 Qa5 11. f4 Rd8 12. Qb3 cxd4 13. cxd4 Na6 14. f5 Nc7
15. f6 Bf8 16. Bf4 Ne8 17. Qf3 Bd7 18. Rab1 Rac8 19. Bb3 b5 20. Be5 Nd6 21. h4
Nc4 22. Bxc4 Rxc4 23. h5 Bc6 24. hxg6 hxg6 25. Rb3 Qxa2 26. Re3 Qd2 27. Nf4 Bh6
28. Rd3 Qb4 29. Nxg6 fxg6 30. f7+ Kh7 31. Qf6 Qf8 32. Rh3 Bxe4 33. Rxh6+ Qxh6
34. Qxd8 Qe3+ 35. Kh2 Qh6+ 36. Kg3 1-0

[Event "New England Masters"]
[Site "Peabody United States"]
[Date "2007.08.15"]
[Round "4"]
[White "Kritz, Leonid"]
[Black "Enkin, Max"]
[Result "1-0"]
[WhiteElo "2571"]
[BlackElo "2213"]
[PlyCount "91"]
[EventDate "2007.08.13"]
[Source "MonRoi"]

1. e4 c5 2. Nc3 d6 3. Nge2 Nf6 4. g3 Nc6 5. Bg2 g6 6. O-O Bg7 7. d3 O-O 8. h3
Rb8 9. f4 Nd7 10. g4 Nd4 11. Ng3 b5 12. g5 Ba6 13. Nd5 e6 14. Ne3 b4 15. a3 Bb7
16. axb4 cxb4 17. Kh2 Qc7 18. Bd2 Ba8 19. Ra4 a5 20. c3 Nb5 21. cxb4 axb4 22.
Rxb4 Nc5 23. Qb1 Nd4 24. Ng4 Rxb4 25. Bxb4 Rb8 26. Bxc5 Qxc5 27. Nf6+ Bxf6 28.
gxf6 Qb4 29. Rf2 Qb6 30. Qe1 Qd8 31. Qc3 Qxf6 32. Ne2 e5 33. Nxd4 exd4 34. Qc7
Re8 35. b4 g5 36. b5 gxf4 37. Bf3 Qe5 38. b6 d5 39. Rg2+ Kh8 40. exd5 Bxd5 41.
Re2 Qxe2+ 42. Bxe2 Rxe2+ 43. Kg1 Re8 44. b7 Bxb7 45. Qxb7 Kg7 46. Qd7 1-0

[Event "New England Masters"]
[Site "Peabody United States"]
[Date "2007.08.15"]
[Round "4"]
[White "Milman, Lev"]
[Black "Davies, Nigel"]
[Result "1/2-1/2"]
[WhiteElo "2499"]
[BlackElo "2495"]
[PlyCount "113"]
[EventDate "2007.08.13"]
[Source "MonRoi"]

1. e4 c5 2. Nf3 g6 3. d4 cxd4 4. Nxd4 Nc6 5. Nc3 Bg7 6. Be3 Nf6 7. Bc4 Qa5 8.
O-O O-O 9. a3 d6 10. h3 Bd7 11. f4 Qc5 12. Qd3 Ng4 13. hxg4 Bxd4 14. Bxd4 Qxd4+
15. Qxd4 Nxd4 16. Nd5 Bxg4 17. c3 Nc6 18. f5 Kh8 19. Bb5 e6 20. Ne3 Ne5 21.
Nxg4 Nxg4 22. fxe6 fxe6 23. Bd7 Nf6 24. Bxe6 Nxe4 25. Rfe1 Nf6 26. Rad1 Rfe8
27. Bb3 Rxe1+ 28. Rxe1 Re8 29. Rd1 Re2 30. Rxd6 Rxb2 31. Rxf6 Rxb3 32. Rf7 Rxc3
33. Rxb7 Rxa3 34. Kh2 h5 35. Rc7 Kg8 36. Rb7 Kf8 37. Rc7 a5 38. Ra7 a4 39. Kg1
Ra2 40. Kh2 Ra3 41. Kg1 Ra1+ 42. Kh2 a3 43. Kg3 a2 44. Kh2 h4 45. Ra3 Kg7 46.
Ra7+ Kh6 47. Ra5 g5 48. Ra6+ Kh5 49. Ra4 Kg6 50. Ra8 Kf6 51. Ra5 Ke6 52. Ra8
Kd5 53. Ra4 g4 54. g3 Rd1 55. Rxa2 h3 56. Ra5+ Ke4 57. Re5+ 1/2-1/2

[Event "New England Masters"]
[Site "Peabody United States"]
[Date "2007.08.15"]
[Round "4"]
[White "Bournival, Braden"]
[Black "Ippolito, Dean"]
[Result "0-1"]
[WhiteElo "2291"]
[BlackElo "2395"]
[PlyCount "78"]
[EventDate "2007.08.13"]
[Source "MonRoi"]

1. e4 e5 2. Nf3 Nf6 3. Nxe5 d6 4. Nf3 Nxe4 5. d4 d5 6. Bd3 Bd6 7. O-O O-O 8. c4
c6 9. cxd5 cxd5 10. Nc3 Nxc3 11. bxc3 Bg4 12. Rb1 Nd7 13. h3 Bh5 14. Rxb7 Nb6
15. Qc2 Bxf3 16. Bxh7+ Kh8 17. gxf3 Qh4 18. Bf5 g6 19. Bg4 f5 20. f4 Rae8 21.
Bf3 g5 22. Bg2 gxf4 23. Qd3 Rg8 24. Kh1 Rxg2 25. Kxg2 Qh5 26. Rh1 f3+ 27. Kf1
Re2 28. Rxa7 Qe8 29. Rh7+ Kxh7 30. Qxf5+ Qg6 31. Qxf3 Rc2 32. Bf4 Qf5 33. Rg1
Rc1+ 34. Kg2 Rxg1+ 35. Kxg1 Qxf4 36. Qd3+ Kg7 37. Qb5 Qh2+ 38. Kf1 Qxh3+ 39.
Ke1 Qxc3+ 0-1

[Event "New England Masters"]
[Site "Peabody United States"]
[Date "2007.08.15"]
[Round "4"]
[White "Hess, Robert"]
[Black "Burnett, Ronald"]
[Result "0-1"]
[WhiteElo "2439"]
[BlackElo "2373"]
[PlyCount "66"]
[EventDate "2007.08.13"]
[Source "MonRoi"]

1. e4 c6 2. Nc3 d5 3. d4 dxe4 4. Nxe4 Nd7 5. Ng5 Ndf6 6. N1f3 Nh6 7. Bd3 g6 8.
Bf4 Nd5 9. Be5 Qa5+ 10. c3 f6 11. Nxh7 fxe5 12. Bxg6+ Kd8 13. dxe5 Kc7 14. Qd2
Bf5 15. Nd4 Bxg6 16. Ne6+ Kc8 17. Nhxf8 Bf5 18. O-O Nf7 19. Nd4 Rxf8 20. Nxf5
Nxe5 21. Qh6 Qd8 22. Qe6+ Qd7 23. Nxe7+ Nxe7 24. Qxe5 Ng6 25. Qc5 Rf5 26. Qe3
Kc7 27. Rad1 Qf7 28. Rd2 Re8 29. Qxa7 Nf4 30. Rfd1 Rd5 31. c4 Qg6 32. f3 Re2
33. Rxe2 Rxd1+ 0-1

[Event "New England Masters"]
[Site "Peabody United States"]
[Date "2007.08.15"]
[Round "4"]
[White "Pruess, David"]
[Black "Rizzitano, James"]
[Result "1-0"]
[WhiteElo "2424"]
[BlackElo "2328"]
[PlyCount "55"]
[EventDate "2007.08.13"]
[Source "MonRoi"]

1. e4 e5 2. f4 Bc5 3. Nf3 d6 4. c3 Bb6 5. d4 exd4 6. cxd4 Bg4 7. Be3 Nf6 8. Nc3
Nc6 9. Qd3 O-O 10. h3 Bxf3 11. gxf3 Nb4 12. Qd2 c5 13. O-O-O Nc6 14. dxc5 dxc5
15. Qf2 Nd4 16. Rg1 Rc8 17. f5 Kh8 18. Bc4 Nd7 19. Nd5 Bc7 20. Qg2 Rg8 21. Nxc7
Rxc7 22. Bxf7 Ne5 23. Bxg8 Qxg8 24. Bxd4 cxd4+ 25. Kb1 Qc4 26. Rc1 Qd3+ 27. Ka1
Nc6 28. Qg3 1-0

[Event "New England Masters"]
[Site "Peabody United States"]
[Date "2007.08.15"]
[Round "4"]
[White "Vigorito, David"]
[Black "MacIntyre, Paul"]
[Result "1/2-1/2"]
[WhiteElo "2393"]
[BlackElo "2304"]
[PlyCount "77"]
[EventDate "2007.08.13"]
[Source "MonRoi"]

1. d4 Nf6 2. c4 c5 3. d5 e5 4. Nc3 d6 5. e4 Be7 6. Bd3 O-O 7. Nge2 Nh5 8. Ng3
Nf4 9. Bxf4 exf4 10. Nh5 Bg5 11. g3 f5 12. gxf4 fxe4 13. Bxe4 Bxf4 14. Qd3 Qh4
15. Bxh7+ Kh8 16. Bg6 Nd7 17. Nxf4 Ne5 18. Qg3 Rxf4 19. Qxh4+ Rxh4 20. Be4 Nxc4
21. f3 Bd7 22. O-O-O Rf8 23. Rdg1 Ne5 24. Rg3 Rf7 25. b3 b5 26. a3 a5 27. Kc2
b4 28. axb4 axb4 29. Nb1 Bf5 30. Bxf5 Rxf5 31. Nd2 Rd4 32. Ra1 Rxd5 33. Ra7 Rf7
34. Ra8+ Kh7 35. Ne4 Nxf3 36. Rh3+ Kg6 37. Rg3+ Kh7 38. Rh3+ Kg6 39. Rg3+
1/2-1/2

[Event "New England Masters"]
[Site "Peabody United States"]
[Date "2007.08.15"]
[Round "4"]
[White "Shankland, Samuel"]
[Black "Yanayt, Eugene"]
[Result "1-0"]
[WhiteElo "2166"]
[BlackElo "2335"]
[PlyCount "49"]
[EventDate "2007.08.13"]
[Source "MonRoi"]

1. e4 c5 2. Nc3 g6 3. Nf3 Bg7 4. d4 cxd4 5. Nxd4 Nc6 6. Be3 Nf6 7. Bc4 d6 8. f3
O-O 9. Qd2 Bd7 10. h4 Qa5 11. h5 Ne5 12. Bb3 Rfc8 13. hxg6 hxg6 14. Bh6 Bh8 15.
O-O-O Nc4 16. Bxc4 Rxc4 17. Nb3 Qa6 18. Bf8 Rxf8 19. Rxh8+ Kxh8 20. Qh6+ Kg8
21. Rh1 Nh5 22. g4 Be6 23. gxh5 g5 24. Qxg5+ Kh7 25. Rg1 1-0

[Event "New England Masters"]
[Site "Peabody United States"]
[Date "2007.08.15"]
[Round "4"]
[White "Vishnuvardhan, Arjun"]
[Black "Bick, John"]
[Result "1/2-1/2"]
[WhiteElo "2325"]
[BlackElo "2218"]
[PlyCount "43"]
[EventDate "2007.08.13"]
[Source "MonRoi"]

1. e4 e5 2. Bc4 Nf6 3. d3 Nc6 4. Nc3 Na5 5. Qf3 d6 6. Nge2 Be7 7. h3 Be6 8. b3
O-O 9. a4 c6 10. Ba3 b6 11. Ba6 Qc7 12. d4 Rad8 13. O-O c5 14. d5 Bc8 15. Bxc8
Rxc8 16. Nd1 a6 17. Ne3 g6 18. Bc1 b5 19. Ng4 Nxg4 20. hxg4 b4 21. Bd2 Rb8 22.
Kh2 1/2-1/2

[Event "New England Masters"]
[Site "Peabody United States"]
[Date "2007.08.15"]
[Round "4"]
[White "Vicary, Elizabeth"]
[Black "Alvarez, Franklin"]
[Result "1/2-1/2"]
[WhiteElo "2148"]
[BlackElo "2200"]
[PlyCount "42"]
[EventDate "2007.08.13"]
[Source "MonRoi"]

1. e4 e5 2. Nf3 Nc6 3. Bb5 a6 4. Ba4 Nf6 5. Qe2 b5 6. Bb3 Be7 7. O-O d6 8. c3
O-O 9. Rd1 Bb7 10. d4 Qc8 11. a4 Qg4 12. d5 Na5 13. Bc2 c6 14. h3 Qd7 15. dxc6
Qxc6 16. Nbd2 Rfc8 17. axb5 axb5 18. Bd3 Nc4 19. Rxa8 Bxa8 20. Re1 Nd7 21. Nf1
Rb8 1/2-1/2

[Event "New England Masters"]
[Site "Peabody United States"]
[Date "2007.08.15"]
[Round "4"]
[White "Belliard, Luis"]
[Black "Shankar, Gauri"]
[Result "1-0"]
[WhiteElo "2232"]
[BlackElo "2177"]
[PlyCount "67"]
[EventDate "2007.08.13"]
[Source "MonRoi"]

1. d4 Nf6 2. Nf3 e6 3. Bg5 h6 4. Bxf6 Qxf6 5. e4 d5 6. Nbd2 Qd8 7. c3 Be7 8.
Bd3 dxe4 9. Nxe4 O-O 10. Qe2 Nd7 11. O-O-O b6 12. Ne5 Bb7 13. f4 Nf6 14. Nxf6+
Bxf6 15. Kb1 Bxe5 16. fxe5 Qg5 17. Rhf1 Qxg2 18. Qe1 Qxh2 19. Qe3 c5 20. Rf2
Qh4 21. Rf4 Qe7 22. Rf6 cxd4 23. Qxh6 g6 24. Bxg6 fxg6 25. Rxg6+ Kf7 26. Rg7+
Ke8 27. Rxe7+ Kxe7 28. Qh4+ Ke8 29. Rxd4 b5 30. b3 Rc8 31. Kb2 a5 32. a4 bxa4
33. Rxa4 Rc5 34. Rd4 1-0

[Event "New England Masters"]
[Site "Peabody United States"]
[Date "2007.08.15"]
[Round "5"]
[White "Ippolito, Dean"]
[Black "Davies, Nigel"]
[Result "1/2-1/2"]
[WhiteElo "2395"]
[BlackElo "2495"]
[PlyCount "85"]
[EventDate "2007.08.13"]
[Source "MonRoi"]

1. d4 Nf6 2. c4 c5 3. d5 e5 4. Nc3 d6 5. e4 Nbd7 6. g3 a6 7. a4 g6 8. Bg2 Bg7
9. Nf3 O-O 10. O-O Ne8 11. Ne1 f5 12. Nd3 f4 13. gxf4 Qh4 14. Ne2 Nef6 15. f3
Nh5 16. Qe1 Qxe1 17. Rxe1 exf4 18. Nexf4 Bd4+ 19. Kh1 Nxf4 20. Bxf4 Ne5 21.
Nxe5 dxe5 22. Be3 Bxe3 23. Rxe3 a5 24. Rb3 Ra6 25. Rb5 b6 26. Kg1 Rf6 27. Ra3
Bd7 28. Rbb3 Kf7 29. Kf2 Ke7 30. Kg3 Kd6 31. Bh3 Bxh3 32. Kxh3 Kc7 33. f4 Rxf4
34. Rf3 Rxe4 35. Rf7+ Kd6 36. Rf6+ Kd7 37. Rf7+ Kd6 38. Rf6+ Kd7 39. Rc3 Ra8
40. Rf7+ Kd6 41. Rf6+ Kd7 42. Rf7+ Kd6 43. Rf6+ 1/2-1/2

[Event "New England Masters"]
[Site "Peabody United States"]
[Date "2007.08.15"]
[Round "5"]
[White "Critelli, James"]
[Black "Pruess, David"]
[Result "1-0"]
[WhiteElo "2262"]
[BlackElo "2424"]
[PlyCount "115"]
[EventDate "2007.08.13"]
[Source "MonRoi"]

1. e4 c5 2. Nf3 d6 3. d4 cxd4 4. Nxd4 Nf6 5. Nc3 a6 6. f4 Qc7 7. a4 b6 8. Bd3
Bb7 9. O-O Nbd7 10. Kh1 e6 11. Bd2 Be7 12. Qf3 Nc5 13. Rae1 d5 14. exd5 Nxd5
15. Nxd5 Bxd5 16. Qg4 Bf6 17. Nf5 O-O 18. Ne3 Be4 19. Bxe4 Nxe4 20. Bb4 Rfd8
21. Qf3 Nd6 22. Bxd6 Qxd6 23. Rd1 Qb4 24. b3 g6 25. Ng4 Qc3 26. Rd3 Qb2 27. Qb7
Rdb8 28. Nh6+ Kh8 29. Nxf7+ Kg7 30. Qd7 Re8 31. Ng5+ Re7 32. Nxe6+ Kg8 33. Qd5
Rc8 34. c4 Kh8 35. f5 Rce8 36. Re3 Qc2 37. fxg6 Qxg6 38. Nf4 Qg4 39. Rxe7 Rxe7
40. h3 Qh4 41. Qf5 Re1 42. Nd5 Rxf1+ 43. Qxf1 Bg7 44. Qe2 h6 45. Kh2 b5 46.
axb5 axb5 47. g3 Qd4 48. Nf4 bxc4 49. bxc4 Qa1 50. h4 Qc3 51. Qe8+ Kh7 52. Qg6+
Kh8 53. Ne6 Be5 54. Qxh6+ Kg8 55. Qg6+ Kh8 56. Qe8+ Kh7 57. Ng5+ Kh6 58. Qxe5
1-0

[Event "New England Masters"]
[Site "Peabody United States"]
[Date "2007.08.15"]
[Round "5"]
[White "Burnett, Ronald"]
[Black "Enkin, Max"]
[Result "1/2-1/2"]
[WhiteElo "2373"]
[BlackElo "2213"]
[PlyCount "22"]
[EventDate "2007.08.13"]
[Source "MonRoi"]

1. Nf3 Nf6 2. c4 g6 3. Nc3 d5 4. Qa4+ c6 5. cxd5 Nxd5 6. Nxd5 Qxd5 7. e4 Qd8 8.
d4 Bg7 9. h3 O-O 10. Be2 Nd7 11. O-O e5 1/2-1/2

[Event "New England Masters"]
[Site "Peabody United States"]
[Date "2007.08.15"]
[Round "5"]
[White "MacIntyre, Paul"]
[Black "Shankland, Samuel"]
[Result "1/2-1/2"]
[WhiteElo "2304"]
[BlackElo "2166"]
[PlyCount "132"]
[EventDate "2007.08.13"]
[Source "MonRoi"]

1. e4 c5 2. Nf3 d6 3. g3 Nc6 4. Bg2 g6 5. O-O Bg7 6. c3 e5 7. d3 Nge7 8. a3 O-O
9. b4 b6 10. Nbd2 Bb7 11. b5 Nb8 12. Bb2 Nd7 13. Re1 Qc7 14. d4 Rad8 15. d5 h6
16. c4 f5 17. Nh4 f4 18. Bh3 Bc8 19. f3 Bf6 20. Ng2 Bg5 21. Be6+ Kh7 22. g4 h5
23. h4 Bh6 24. g5 Bg7 25. a4 a5 26. bxa6 Bxa6 27. Bc3 Ra8 28. Qc2 Rfb8 29. Reb1
Nf8 30. Bh3 Bc8 31. Bxc8 Nxc8 32. Ne1 Nd7 33. Ra2 Bf8 34. Rba1 Ra6 35. Nb1 Rba8
36. Bd2 Nb8 37. Nc3 Qd7 38. Kg2 Be7 39. Nd3 Bd8 40. Nc1 Kg7 41. Nb3 Na7 42. Be1
Bc7 43. Qb2 Bd8 44. Ra3 Kf7 45. R1a2 Kg8 46. Qa1 Kf7 47. Nc1 Nc8 48. Nb5 Na7
49. Nxa7 R6xa7 50. Ne2 Na6 51. Qb2 Nb8 52. Nc3 Na6 53. Nb5 Rb7 54. a5 Nc7 55.
axb6 Rxa3 56. bxc7 Rxa2 57. cxd8=N+ Qxd8 58. Qxa2 Qb8 59. Kf2 Rb6 60. Qa5 Qb7
61. Ke2 Ke7 62. Bd2 Ra6 63. Qc7+ Qxc7 64. Nxc7 Ra4 65. Kd3 Ra3+ 66. Ke2 Ra4
1/2-1/2

[Event "New England Masters"]
[Site "Peabody United States"]
[Date "2007.08.15"]
[Round "5"]
[White "Liu, Elliot"]
[Black "Hess, Robert"]
[Result "1/2-1/2"]
[WhiteElo "2260"]
[BlackElo "2439"]
[PlyCount "32"]
[EventDate "2007.08.13"]
[Source "MonRoi"]

1. e4 e5 2. Nf3 Nc6 3. Bb5 a6 4. Ba4 d6 5. Bxc6+ bxc6 6. d4 exd4 7. Qxd4 c5 8.
Qd3 Ne7 9. Nc3 Nc6 10. Nd5 Be7 11. Bd2 O-O 12. O-O Bf6 13. Bc3 Bxc3 14. Qxc3
Re8 15. Rfe1 Bb7 16. Rad1 Ne5 1/2-1/2

[Event "New England Masters"]
[Site "Peabody United States"]
[Date "2007.08.15"]
[Round "5"]
[White "Rizzitano, James"]
[Black "Vishnuvardhan, Arjun"]
[Result "1/2-1/2"]
[WhiteElo "2328"]
[BlackElo "2325"]
[PlyCount "52"]
[EventDate "2007.08.13"]
[Source "MonRoi"]

1. d4 Nf6 2. Nf3 e6 3. Bg5 c5 4. e3 h6 5. Bh4 b6 6. c4 Bb7 7. Nc3 cxd4 8. exd4
d6 9. d5 e5 10. Nd2 Be7 11. Bg3 O-O 12. Bd3 Nbd7 13. O-O a6 14. b4 b5 15. cxb5
axb5 16. Bxb5 Nxd5 17. Nxd5 Bxd5 18. a4 Nf6 19. Bc4 Bxc4 20. Nxc4 d5 21. Nxe5
Bxb4 22. Nc6 Qb6 23. Nxb4 Qxb4 24. Be5 Nd7 25. Qxd5 Nxe5 26. Qxe5 Rxa4 1/2-1/2

[Event "New England Masters"]
[Site "Peabody United States"]
[Date "2007.08.15"]
[Round "5"]
[White "Alvarez, Franklin"]
[Black "Yanayt, Eugene"]
[Result "1-0"]
[WhiteElo "2200"]
[BlackElo "2335"]
[PlyCount "115"]
[EventDate "2007.08.13"]
[Source "MonRoi"]

1. e4 c5 2. Nf3 d6 3. d4 cxd4 4. Nxd4 Nf6 5. Bd3 Nc6 6. Nb3 g6 7. Nc3 Bg7 8.
O-O d5 9. exd5 Nxd5 10. Nxd5 Qxd5 11. Qe2 O-O 12. Re1 Qd6 13. c3 b6 14. Bg5 h6
15. Bh4 e5 16. Rad1 Qc7 17. Be4 Bb7 18. Bg3 Rfe8 19. Nd4 a6 20. Nxc6 Bxc6 21.
Qc4 Rac8 22. Bxg6 Qb7 23. Be4 Bxe4 24. Qxe4 Qxe4 25. Rxe4 f5 26. Re2 f4 27. Bh4
e4 28. Rde1 Rc4 29. f3 e3 30. g3 Kf7 31. Kg2 Rg8 32. Kh3 Be5 33. gxf4 Bxf4 34.
Bg3 Kf6 35. Bxf4 Rxf4 36. Rxe3 h5 37. R1e2 Rg1 38. Rg2 Rf1 39. Rd2 R4xf3+ 40.
Rxf3+ Rxf3+ 41. Kg2 Re3 42. Rd6+ Kf5 43. Rxb6 Re2+ 44. Kg3 a5 45. Rb5+ Ke4 46.
Rxh5 Rxb2 47. Rxa5 Kd3 48. Rc5 Rxa2 49. h4 Ra4 50. h5 Re4 51. Rc6 Re1 52. h6
Rg1+ 53. Kf4 Rf1+ 54. Kg5 Rh1 55. Kg6 Ke4 56. Kg7 Kf5 57. Rf6+ Ke5 58. Rg6 1-0

[Event "New England Masters"]
[Site "Peabody United States"]
[Date "2007.08.15"]
[Round "5"]
[White "Belliard, Luis"]
[Black "Figler, Ilye"]
[Result "0-1"]
[WhiteElo "2232"]
[BlackElo "2332"]
[PlyCount "74"]
[EventDate "2007.08.13"]
[Source "MonRoi"]

1. d4 d5 2. Nf3 Nf6 3. c4 dxc4 4. e3 c5 5. Bxc4 a6 6. O-O Nc6 7. dxc5 Qxd1 8.
Rxd1 e6 9. a3 Bxc5 10. b4 Ba7 11. Bb2 Bd7 12. Nbd2 Ke7 13. Ba2 Rhd8 14. Nc4 Be8
15. Nfe5 Nxe5 16. Bxe5 Ba4 17. Rxd8 Rxd8 18. Bc7 Rd3 19. Kf1 Bb5 20. Be5 Rxa3
21. Ke1 Rxa2 22. Rxa2 Bxc4 23. Rc2 Bd5 24. Rc7+ Nd7 25. Bxg7 Bxg2 26. Ke2 Bb8
27. Rc1 Be5 28. Bxe5 Nxe5 29. Rc5 Bf3+ 30. Kf1 Kd6 31. Rc3 Bd5 32. Rc1 f5 33.
Ke2 Bf3+ 34. Kf1 Nd3 35. Rc4 e5 36. Rh4 h5 37. Rc4 b5 0-1

[Event "New England Masters"]
[Site "Peabody United States"]
[Date "2007.08.15"]
[Round "5"]
[White "Shankar, Gauri"]
[Black "Vicary, Elizabeth"]
[Result "1-0"]
[WhiteElo "2177"]
[BlackElo "2148"]
[PlyCount "58"]
[EventDate "2007.08.13"]
[Source "MonRoi"]

1. d4 Nf6 2. c4 e6 3. Nc3 Bb4 4. Qc2 Nc6 5. Nf3 d6 6. Bd2 O-O 7. a3 Bxc3 8.
Bxc3 a5 9. e4 Nh5 10. e5 f5 11. O-O-O d5 12. c5 Bd7 13. Bd2 a4 14. h3 g6 15.
Bg5 Qe8 16. g4 Ng7 17. Bf6 Na5 18. Kb1 Nb3 19. Qc3 f4 20. h4 Bb5 21. Bxb5 Qxb5
22. h5 Qc4 23. hxg6 hxg6 24. Qxc4 dxc4 25. Rh6 Rad8 26. Rdh1 Rxd4 27. Rh8+ Kf7
28. Ng5+ Ke8 29. Rxf8+ Kxf8 1-0

[Event "New England Masters"]
[Site "Peabody United States"]
[Date "2007.08.16"]
[Round "6"]
[White "Milman, Lev"]
[Black "Kritz, Leonid"]
[Result "0-1"]
[WhiteElo "2499"]
[BlackElo "2571"]
[PlyCount "194"]
[EventDate "2007.08.13"]
[Source "MonRoi"]

1. e4 e5 2. Nf3 Nc6 3. Bb5 Nf6 4. O-O Nxe4 5. d4 Nd6 6. Bxc6 dxc6 7. dxe5 Nf5
8. Qxd8+ Kxd8 9. Nc3 Ke8 10. h3 Be7 11. Bg5 Bxg5 12. Nxg5 h6 13. Nge4 b6 14.
Rad1 Ba6 15. Rfe1 Ke7 16. g4 Nh4 17. Re3 g5 18. Ng3 Rad8 19. Rde1 Bc8 20. Nce4
Be6 21. f3 Rd5 22. Nc3 Rd2 23. R1e2 Rxe2 24. Ngxe2 Rd8 25. f4 gxf4 26. Nxf4 Rd2
27. Re2 Rxe2 28. Ncxe2 Bxa2 29. Kf2 Bb1 30. c3 c5 31. Nd5+ Ke6 32. Nxc7+ Kxe5
33. Ke3 Ng2+ 34. Kf2 Be4 35. Ng3 Bc6 36. Nb5 Nf4 37. Nxa7 Nxh3+ 38. Ke3 Bd7 39.
Nf5 h5 40. Nh6 Kf6 41. gxh5 Kg7 42. Nxf7 Kxf7 43. h6 Ng5 44. b4 cxb4 45. cxb4
Ke6 46. Kd4 Kd6 47. Kc4 Ke5 48. Nb5 Nf7 49. Nc7 Nxh6 50. Na8 b5+ 51. Kc5 Nf5
52. Nb6 Be8 53. Nd5 Nd6 54. Ne3 Ne4+ 55. Kb6 Nc3 56. Nc2 Bg6 57. Na3 Bd3 58.
Kc5 Ke4 59. Kc6 Ke3 60. Kc5 Kd2 61. Kd4 Na4 62. Kd5 Kc3 63. Kc6 Kxb4 64. Nxb5
Bxb5+ 65. Kd5 Nb6+ 66. Kd6 Kc4 67. Ke5 Bc6 68. Kd6 Bd5 69. Ke5 Kc5 70. Kf4 Kd4
71. Kf5 Nd7 72. Kg5 Ke4 73. Kg4 Be6+ 74. Kg5 Bf5 75. Kh6 Ke5 76. Kg7 Ke6 77.
Kh8 Kf6 78. Kg8 Be6+ 79. Kh7 Ne5 80. Kh8 Ng6+ 81. Kh7 Bd5 82. Kh6 Bg8 83. Kh5
Ne5 84. Kh4 Kf5 85. Kg3 Ng4 86. Kg2 Bc4 87. Kf3 Bd3 88. Kg3 Be2 89. Kh4 Nf6 90.
Kg3 Ne4+ 91. Kh4 Kf4 92. Kh3 Kg5 93. Kh2 Bf1 94. Kg1 Bh3 95. Kh2 Kg4 96. Kh1
Kg3 97. Kg1 Ng5 0-1

[Event "New England Masters"]
[Site "Peabody United States"]
[Date "2007.08.16"]
[Round "6"]
[White "Perelshteyn, Eugene"]
[Black "Ippolito, Dean"]
[Result "0-1"]
[WhiteElo "2540"]
[BlackElo "2395"]
[PlyCount "130"]
[EventDate "2007.08.13"]
[Source "MonRoi"]

1. d4 Nf6 2. c4 e6 3. Nf3 d5 4. Nc3 dxc4 5. Bg5 Bb4 6. Qa4+ Nc6 7. e3 Bd7 8.
Qc2 b5 9. Be2 a6 10. Ne5 Be7 11. Nxd7 Qxd7 12. O-O O-O 13. Bf3 Rab8 14. Rfd1 h6
15. Bh4 Nb4 16. Qe2 Nbd5 17. Nb1 Nh7 18. Bxe7 Qxe7 19. b3 cxb3 20. axb3 Nb4 21.
Nc3 c5 22. Ne4 cxd4 23. exd4 Ng5 24. Nc5 Nxf3+ 25. Qxf3 Nc2 26. Rac1 Nb4 27.
Ra1 Ra8 28. Qe4 Rfd8 29. h3 Rd5 30. Rac1 Rad8 31. Rc3 e5 32. Re1 Rxd4 33. Qxe5
Qxe5 34. Rxe5 R4d5 35. Re4 Rc8 36. Na4 Rxc3 37. Nxc3 Rc5 38. Re8+ Kh7 39. Ne4
Rc1+ 40. Kh2 Nd3 41. Rd8 Nc5 42. Nd6 Rd1 43. b4 Ne6 44. Rd7 Rd4 45. g3 Ng5 46.
Rd8 Rd2 47. Kg1 Nxh3+ 48. Kg2 Nxf2 49. Kf3 f5 50. Kf4 Ne4 51. Nf7 Rxd8 52. Nxd8
Kg6 53. Ne6 Kf6 54. Nc7 Nc3 55. Ne8+ Kg6 56. Ke5 Na2 57. Nd6 Nxb4 58. Nxf5 Nd3+
59. Ke4 Nc5+ 60. Ke5 b4 61. Ne7+ Kg5 62. Kd4 b3 63. Kc3 Kg4 64. Kb2 h5 65. Kc3
g5 0-1

[Event "New England Masters"]
[Site "Peabody United States"]
[Date "2007.08.16"]
[Round "6"]
[White "Davies, Nigel"]
[Black "Critelli, James"]
[Result "0-1"]
[WhiteElo "2495"]
[BlackElo "2262"]
[PlyCount "48"]
[EventDate "2007.08.13"]
[Source "MonRoi"]

1. Nf3 Nf6 2. g3 d5 3. Bg2 e6 4. O-O Be7 5. d3 b6 6. Nbd2 Bb7 7. e4 dxe4 8.
dxe4 O-O 9. Qe2 c5 10. e5 Nfd7 11. Ne4 Qc7 12. Bf4 Rd8 13. Nf6+ gxf6 14. exf6
Bd6 15. Nd4 cxd4 16. Bxb7 Bxf4 17. Bxa8 Be5 18. Qg4+ Kf8 19. Qg7+ Ke8 20. Qh8+
Nf8 21. Be4 Nbd7 22. Bxh7 Bxf6 23. Qg8 Ke7 24. Bd3 Ne5 0-1

[Event "New England Masters"]
[Site "Peabody United States"]
[Date "2007.08.16"]
[Round "6"]
[White "Friedel, Joshua"]
[Black "Burnett, Ronald"]
[Result "1/2-1/2"]
[WhiteElo "2472"]
[BlackElo "2373"]
[PlyCount "112"]
[EventDate "2007.08.13"]
[Source "MonRoi"]

1. e4 d6 2. d4 g6 3. Nc3 Nf6 4. Nf3 Bg7 5. h3 O-O 6. Be3 a6 7. a4 b6 8. e5 Nfd7
9. e6 fxe6 10. Bc4 Nf6 11. d5 c6 12. Ng5 exd5 13. Nxd5 Nxd5 14. Bxd5+ Kh8 15.
Be6 Rf6 16. Qg4 Bxe6 17. Nxe6 Qd7 18. Nxg7 Kxg7 19. Bd4 e5 20. Bxb6 Qxg4 21.
hxg4 Nd7 22. Be3 d5 23. c3 c5 24. O-O-O d4 25. Bh6+ Kg8 26. f4 Rc8 27. Kb1 Rb6
28. fxe5 Rcb8 29. b4 Nxe5 30. Bf4 Nxg4 31. a5 R6b7 32. Bxb8 Rxb8 33. Rhe1 Ne3
34. Rc1 Nd5 35. Kc2 dxc3 36. bxc5 Rc8 37. Rb1 Kg7 38. Rb7+ Kh6 39. Rh1+ Kg5 40.
Rbxh7 Rxc5 41. Ra1 Nb4+ 42. Kb3 Nc6 43. Rh3 c2 44. Kb2 Nd4 45. Rc3 Rxc3 46.
Kxc3 c1=Q+ 47. Rxc1 Ne2+ 48. Kd2 Nxc1 49. Kxc1 Kf4 50. Kd2 Ke4 51. Ke2 g5 52.
g4 Kf4 53. Kf2 Kxg4 54. Kg2 Kf4 55. Kf2 Ke4 56. Kg3 Kd4 1/2-1/2

[Event "New England Masters"]
[Site "Peabody United States"]
[Date "2007.08.16"]
[Round "6"]
[White "Pruess, David"]
[Black "MacIntyre, Paul"]
[Result "1-0"]
[WhiteElo "2424"]
[BlackElo "2304"]
[PlyCount "137"]
[EventDate "2007.08.13"]
[Source "MonRoi"]

1. e4 e5 2. f4 d5 3. exd5 e4 4. d3 Nf6 5. Qe2 Bg4 6. Nf3 Qxd5 7. Nbd2 Nc6 8.
dxe4 Qh5 9. Qb5 O-O-O 10. Qxh5 Bxh5 11. Bd3 Bc5 12. h3 Bxf3 13. gxf3 Nh5 14.
Nb3 Bb6 15. Bd2 a5 16. a4 Nb4 17. Bxb4 axb4 18. f5 g6 19. a5 Be3 20. a6 bxa6
21. Rxa6 Kd7 22. Ke2 Bb6 23. Rha1 gxf5 24. exf5 Nf4+ 25. Kd2 Rhg8 26. Rxb6 cxb6
27. Be4 Ke7+ 28. Ke3 Nxh3 29. Nd4 Rd6 30. Nc6+ Kf6 31. Nxb4 Rg1 32. Nd5+ Kg7
33. f6+ Kh6 34. Rxg1 Nxg1 35. c4 Kg5 36. Kf2 Nh3+ 37. Kg3 Ng1 38. f4+ Kh5 39.
Kg2 Kh4 40. Kxg1 Kg3 41. Bxh7 b5 42. Bd3 Ra6 43. Kf1 bxc4 44. Bxc4 Ra4 45. b4
Kf3 46. Ke1 Ra3 47. Kd2 Ke4 48. Kc2 Rh3 49. Kb2 Kd4 50. Bb3 Rh8 51. b5 Kc5 52.
b6 Rh3 53. b7 Rh8 54. Ne7 Kb6 55. Bd5 Kc7 56. Kc3 Rh6 57. Bc6 Kb8 58. Nd5 Rh1
59. Kd4 Rb1 60. Ke5 Re1+ 61. Kd6 Re6+ 62. Kc5 Re1 63. Nb6 Kc7 64. Nd7 Rc1+ 65.
Kd5 Rd1+ 66. Ke5 Kxc6 67. b8=Q Rxd7 68. Kf5 Rd5+ 69. Kg4 1-0